All Sovereign State Flags and Territories (and some subdivisions) - Statistics

General Stats
  • This quiz has been taken 34 times
    16 since last reset
  • The average score is 236 of 302
Answer Stats
Picture Answer % Correct
Argentina
100%
Australia
100%
Austria
100%
Belgium
100%
Brazil
100%
Bulgaria
100%
Canada
100%
China
100%
Colombia
100%
Croatia
100%
Czech Republic
100%
Denmark
100%
Ecuador
100%
Egypt
100%
England
100%
Ethiopia
100%
Finland
100%
France
100%
Germany
100%
Greece
100%
Hungary
100%
India
100%
Indonesia
100%
Ireland
100%
Italy
100%
Japan
100%
Mexico
100%
Netherlands
100%
New Zealand
100%
Nigeria
100%
Norway
100%
Pakistan
100%
Poland
100%
Portugal
100%
Romania
100%
Russia
100%
Saudi Arabia
100%
Scotland
100%
Serbia
100%
Slovakia
100%
Slovenia
100%
South Africa
100%
South Korea
100%
Spain
100%
Sweden
100%
Switzerland
100%
Thailand
100%
Turkey
100%
Ukraine
100%
United Arab Emirates
100%
United Kingdom
100%
United States
100%
Wales
100%
Afghanistan
90%
Albania
90%
Algeria
90%
Andorra
90%
Angola
90%
Antigua and Barbuda
90%
Armenia
90%
Azerbaijan
90%
Bahrain
90%
Bangladesh
90%
Barbados
90%
Belarus
90%
Belize
90%
Benin
90%
Bhutan
90%
Bolivia
90%
Bosnia and Herzegovina
90%
Botswana
90%
Burkina Faso
90%
Burundi
90%
Cambodia
90%
Cameroon
90%
Central African Republic
90%
Chad
90%
Chile
90%
Costa Rica
90%
Côte d'Ivoire
90%
Cuba
90%
Cyprus
90%
Democratic Republic of the Congo
90%
Dominica
90%
Dominican Republic
90%
El Salvador
90%
Estonia
90%
Eswatini
90%
Fiji
90%
Georgia
90%
Ghana
90%
Grenada
90%
Guatemala
90%
Guinea
90%
Haiti
90%
Honduras
90%
Hong Kong
90%
Iceland
90%
Iran
90%
Iraq
90%
Israel
90%
Jamaica
90%
Jordan
90%
Kazakhstan
90%
Kenya
90%
Kuwait
90%
Kyrgyzstan
90%
Laos
90%
Latvia
90%
Lebanon
90%
Lesotho
90%
Liberia
90%
Libya
90%
Liechtenstein
90%
Lithuania
90%
Luxembourg
90%
Macau
90%
Madagascar
90%
Malawi
90%
Malaysia
90%
Mali
90%
Malta
90%
Mauritania
90%
Moldova
90%
Monaco
90%
Mongolia
90%
Montenegro
90%
Morocco
90%
Mozambique
90%
Myanmar
90%
Namibia
90%
Nepal
90%
Nicaragua
90%
Niger
90%
Northern Ireland
90%
North Korea
90%
North Macedonia
90%
Oman
90%
Palestine
90%
Panama
90%
Papua New Guinea
90%
Paraguay
90%
Philippines
90%
Puerto Rico
90%
Qatar
90%
Republic of the Congo
90%
Rwanda
90%
Saint Kitts and Nevis
90%
Saint Lucia
90%
Saint Vincent and the Grenadines
90%
San Marino
90%
Senegal
90%
Sierra Leone
90%
Singapore
90%
Somalia
90%
South Sudan
90%
Sri Lanka
90%
Sudan
90%
Suriname
90%
Syria
90%
Taiwan
90%
Tajikistan
90%
The Bahamas
90%
Togo
90%
Trinidad and Tobago
90%
Tunisia
90%
Turkmenistan
90%
Uganda
90%
Uruguay
90%
Uzbekistan
90%
Vatican City
90%
Venezuela
90%
Vietnam
90%
Yemen
90%
Zambia
90%
Zimbabwe
90%
Brunei
80%
Cabo Verde
80%
Comoros
80%
Djibouti
80%
East Timor
80%
Eritrea
80%
Faroe Islands
80%
Gabon
80%
Greenland
80%
Guernsey
80%
Guinea-Bissau
80%
Guyana
80%
Isle of Man
80%
Jersey
80%
Kiribati
80%
Kosovo
80%
Maldives
80%
Marshall Islands
80%
Mauritius
80%
Micronesia
80%
Nauru
80%
Palau
80%
Peru
80%
Sahrawi Arab Democratic Republic
80%
Samoa
80%
São Tomé and Príncipe
80%
Seychelles
80%
Solomon Islands
80%
Tanzania
80%
The Gambia
80%
Tonga
80%
Tuvalu
80%
Vanuatu
80%
Abkhazia
70%
Åland Islands
70%
American Samoa
70%
Antarctica
70%
Basque
70%
Catalonia
70%
Cayman Islands
70%
Equatorial Guinea
70%
Gibraltar
70%
Kurdistan
70%
Northern Cyprus
70%
Somaliland
70%
South Ossetia
70%
Transnistria
70%
U.S. Virgin Islands
70%
Anguilla
60%
Aruba
60%
Bermuda
60%
British Indian Ocean Territory
60%
Christmas Island
60%
Cook Islands
60%
Curaçao
60%
Falkland Islands
60%
French Guiana
60%
French Polynesia
60%
Guam
60%
Martinique
60%
Montserrat
60%
New Caledonia
60%
Niue
60%
Norfolk Island
60%
Réunion
60%
Saint Helena
60%
Sint Maarten
60%
Tibet
60%
Tokelau
60%
Wallis and Futuna
60%
Artsakh
50%
Ascension Island
50%
Azores
50%
Bonaire
50%
British Antarctic Territory
50%
British Virgin Islands
50%
Cocos (Keeling) Islands
50%
Easter Island
50%
Guadeloupe
50%
Mayotte
50%
Northern Mariana Islands
50%
Pitcairn Islands
50%
Saba
50%
Sint Eustatius
50%
Turks and Caicos Islands
50%
Adygea
40%
Bougainville
40%
Buryatia
40%
Canary Islands
40%
Ceuta
40%
Chechnya
40%
Chuvashia
40%
Dagestan
40%
Ingushetia
40%
Johnston Atoll
40%
Madeira
40%
Navassa Island
40%
Netherlands Antilles
40%
Orkney
40%
Saint Barthélemy
40%
Saint Pierre and Miquelon
40%
Sakha
40%
Shetland
40%
South Georgia and the South Sandwich Islands
40%
Tristan da Cunha
40%
Tuva
40%
Altai Republic
30%
Baker Island
30%
Bashkortostan
30%
Bikini Atoll
30%
Britanny
30%
Cascadia
30%
Chatham Islands
30%
French Southern and Antarctic Lands
30%
Howland Island
30%
Khakassia
30%
Kingman Reef
30%
Marquesas Islands
30%
Melilla
30%
Midway Atoll
30%
Palmyra Atoll
30%
Ross Dependency
30%
Saint Martin
30%
Tierra del Fuego
30%
Wake Island
30%
Sovereign Military Order of Malta
20%
No matching quizzes found
Score Distribution
Percent of People with Each Score
Percentile by Number Answered
Your Score History
You have not taken this quiz since the last reset